[Event "13. Golden Prague Open"]
[Site "Praha"]
[Date "2017.07.03"]
[Round "3.15"]
[White "Husa, Daniel"]
[Black "Martirosyan, Ara"]
[Result "0-1"]
[WhiteElo "1602"]
[BlackElo "1807"]
[Annotator ""]
[Source ""]
[Remark ""]

1.Nf3 Nf6 2.g3 g6 3.Bg2 Bg7 4.O-O O-O 5.d3 d6 6.e4 c6 7.Nbd2
Bd7 8.c3 Qc8 9.Re1 e5 10.Qc2 Bh3 11.Bh1 Nh5 12.Nc4 b5 13.Ne3
h6 14.Nh4 Bf6 15.Neg2 g5 16.Nf3 Be7 17.d4 Qe6 18.dxe5 dxe5 19.Qb3
Qxb3 20.axb3 a5 21.Nxe5 Bd6 22.Nf3 Nd7 23.Be3 c5 24.Rad1 Be7
25.Ra1 Be6 26.Nd2 Ne5 27.Reb1 Rfd8 28.Ne1 Ng4 29.Nef3 Nxe3 30.fxe3
g4 31.Nd4 cxd4 32.exd4 Bg5 33.Rd1 Bxd2 34.Rxd2 Bxb3 35.e5 Bd5
36.Bxd5 Rxd5 37.Kf2 Kf8 38.Ke3 Ke7 39.b3 a4 40.bxa4 Rxa4 41.Rxa4
bxa4 42.Ra2 Ra5 43.Kd3 Ng7 44.Kc4 Ke6 45.Kb4 Ra7 46.c4 Nf5 47.Kc3
a3 48.Kd3 Ra4 49.Kc3 Ne3 50.Kb3 Ra6 51.Re2 a2 52.Rxa2 Rxa2 53.Kxa2
Nxc4 0-1

[Event "13. Golden Prague Open"]
[Site "Praha"]
[Date "2017.07.03"]
[Round "3.16"]
[White "Zednik, Petr"]
[Black "Pokorny, Jan"]
[Result "0-1"]
[WhiteElo "1533"]
[BlackElo "1835"]
[Annotator ""]
[Source ""]
[Remark ""]

1.e4 c5 2.Nf3 g6 3.d4 cxd4 4.Nxd4 Bg7 5.Bc4 Nc6 6.Nxc6 bxc6 7.O-O
e6 8.Re1 Ne7 9.Qd3 O-O 10.Nc3 d5 11.exd5 cxd5 12.Bb3 a5 13.Ba4
Ba6 14.Bb5 Bxb5 15.Nxb5 Nc6 16.c3 Rc8 17.Be3 Ne5 18.Qe2 Qd7 19.Bd4
Nc4 20.Bxg7 Kxg7 21.a4 Kg8 22.Rad1 Nb6 23.Rd4 Rc4 24.Rxc4 dxc4
25.Rd1 Qc6 26.Qc2 Rb8 27.Rd6 Qe8 28.Qd1 Nxa4 29.Nc7 Nxb2 30.Nxe8
Nxd1 0-1

[Event "13. Golden Prague Open"]
[Site "Praha"]
[Date "2017.07.03"]
[Round "3.17"]
[White "Day, Tobias"]
[Black "Forman, Miroslav"]
[Result "0-1"]
[WhiteElo "1187"]
[BlackElo "1805"]
[Annotator ""]
[Source ""]
[Remark ""]

1.e4 g6 2.d4 Bg7 3.Nc3 d6 4.Bc4 Nf6 5.h3 c6 6.Nf3 b5 7.Bb3 b4
8.e5 dxe5 9.dxe5 Qxd1+ 10.Nxd1 Nd5 11.Bxd5 cxd5 12.O-O Nc6 13.Re1
Bf5 14.c3 O-O 15.Bd2 a5 16.Ne3 Be4 17.Ng5 Nxe5 18.Nxe4 dxe4 19.cxb4
Nd3 20.Re2 Nxb4 21.Bxb4 axb4 22.Nd5 f5 23.Nxe7+ Kf7 24.Nc6 b3
25.a3 Rfc8 26.Nb4 Bh6 27.g4 Rd8 28.Nc6 Rd5 29.Nb4 Rd6 30.Rb1
Bd2 31.gxf5 gxf5 32.Nc6 Bf4 33.Nb4 Rg8+ 34.Kh1 Rh6 35.Re3 Bxe3
36.Kh2 Bf4+ 0-1

[Event "13. Golden Prague Open"]
[Site "Praha"]
[Date "2017.07.03"]
[Round "3.18"]
[White "Rous, Dominik"]
[Black "Lajsek, Tomas"]
[Result "0-1"]
[WhiteElo "1148"]
[BlackElo "1760"]
[Annotator ""]
[Source ""]
[Remark ""]

1.d4 d5 2.Bf4 c5 3.e3 e6 4.c3 Nf6 5.Bd3 cxd4 6.cxd4 Bd6 7.Bxd6
Qxd6 8.Qc2 O-O 9.Nf3 Nc6 10.Ng5 Nb4 11.Qc3 Bd7 12.Qd2 Rac8 13.Nc3
Nxd3+ 14.Qxd3 Qb4 15.Qd2 Bb5 16.Nxb5 Qxb5 17.Nf3 Ne4 18.Qe2 Qxe2+
19.Kxe2 Rc2+ 20.Ke1 Rxf2 21.Ng5 Rxb2 22.Nxe4 dxe4 23.a4 Rc8 24.Rf1
Rxg2 25.Rf2 Rg1+ 26.Rf1 Rxf1+ 27.Kxf1 Rc2 28.Kg1 Kf8 29.Rb1 b6
30.a5 bxa5 31.Ra1 Re2 32.Rxa5 Rxe3 33.Kf2 Rd3 34.Rxa7 Rxd4 35.Ke3
Rb4 36.Rc7 g6 37.Rd7 Kg7 38.Rd4 Rxd4 39.Kxd4 f5 40.Ke3 Kf6 41.Kf4
e5+ 42.Ke3 Kg5 43.Kf2 Kf4 0-1

[Event "13. Golden Prague Open"]
[Site "Praha"]
[Date "2017.07.03"]
[Round "3.19"]
[White "Bartos, Vaclav"]
[Black "Nemecek, Pavel"]
[Result "0-1"]
[WhiteElo "1371"]
[BlackElo "1798"]
[Annotator ""]
[Source ""]
[Remark ""]

1.d4 f5 2.c4 e6 3.Nc3 d5 4.e3 Nf6 5.Nf3 c6 6.Ne5 Nbd7 7.f4 Be7
8.Be2 O-O 9.O-O Ne4 10.Nxe4 Nxe5 11.fxe5 dxe4 12.Kh1 Qc7 13.Rg1
Kh8 14.g4 c5 15.b3 cxd4 16.exd4 f4 17.Qc2 Qc6 18.Rf1 f3 19.Bd1
e3 20.Bxe3 f2+ 21.d5 exd5 22.Bxf2 dxc4+ 23.Kg1 Be6 24.Be2 Rf4
25.h3 Bd5 26.bxc4 Bh1 0-1

[Event "13. Golden Prague Open"]
[Site "Praha"]
[Date "2017.07.03"]
[Round "3.20"]
[White "Barton, Milan"]
[Black "Novotny, Josef"]
[Result "0-1"]
[WhiteElo "1823"]
[BlackElo "1738"]
[Annotator ""]
[Source ""]
[Remark ""]

1.e4 c5 2.Nf3 Nc6 3.d4 cxd4 4.Nxd4 Nf6 5.f3 a6 6.c4 Qb6 7.Nb3
d6 8.Nc3 e6 9.Bd2 Bd7 10.Na4 Qa7 11.Nc3 Be7 12.Qe2 O-O 13.Be3
b6 14.Qf2 Rab8 15.Be2 Rfc8 16.f4 d5 17.exd5 exd5 18.cxd5 Nb4
19.Rc1 Nbxd5 20.Nxd5 Rxc1+ 21.Bxc1 Nxd5 22.O-O Ba4 23.Qf3 Nf6
24.Qd3 Bb5 25.Qf3 Bd7 26.h3 Be6 27.Kh2 Bd5 28.Qd3 b5 29.Be3 Qa8
30.Bf3 Bxf3 31.Rxf3 Rd8 32.Qc2 Qd5 33.Bb6 Re8 34.Rc3 Qa8 35.Qf5
Nd5 36.Bd4 Nxc3 37.Bxc3 Qc8 38.Qd5 Rd8 39.Qe4 Bf8 40.Nd2 Re8
41.Qd5 b4 42.Be5 Rd8 43.Qc4 Qxc4 44.Nxc4 f6 45.Bc7 Rc8 46.g3 0-1

[Event "13. Golden Prague Open"]
[Site "Praha"]
[Date "2017.07.03"]
[Round "3.21"]
[White "Rezek, Filip"]
[Black "Steiner, Juraj"]
[Result "0-1"]
[WhiteElo "1199"]
[BlackElo "2048"]
[Annotator ""]
[Source ""]
[Remark ""]

1.c4 Nf6 2.Nf3 c5 3.g3 b6 4.Bg2 Bb7 5.d3 e6 6.O-O Qc7 7.Nc3 a6
8.a4 Nc6 9.b3 Be7 10.Bf4 d6 11.Qd2 O-O 12.h3 e5 13.Bg5 Rfe8 14.Bxf6
Bxf6 15.Nd5 Qd8 16.Rfd1 Be7 17.e4 Bf8 18.Ne1 Nd4 19.Rab1 Bxd5
20.cxd5 Qd7 21.Nc2 b5 22.Nxd4 exd4 23.a5 b4 24.Qc1 Rab8 25.f4
Qc7 26.Ra1 Rb5 27.Qb2 Be7 28.Qa2 Bd8 29.Bf3 Qe7 30.Qc2 g6 31.Re1
Qf6 32.Bg4 Rxa5 33.Rxa5 Bxa5 34.Ra1 Qd8 35.Qc4 h5 36.Bf3 h4 37.g4
Qb6 38.g5 Ra8 39.Bg4 Qd8 40.Ra2 Kg7 41.Ra1 Ra7 42.Ra2 Qb6 43.Kf2
Qb5 44.Ra1 Qxc4 45.dxc4 Bd8 46.Bc8 a5 47.Bg4 f6 48.gxf6+ Kxf6
49.Ke2 Be7 50.Kf2 Bf8 51.Ke2 Bh6 52.Kf3 a4 53.Rb1 axb3 54.Rxb3
Ra3 0-1

[Event "13. Golden Prague Open"]
[Site "Praha"]
[Date "2017.07.03"]
[Round "3.22"]
[White "Drahorad, Daniel"]
[Black "Bara, Josef"]
[Result "1/2-1/2"]
[WhiteElo "1995"]
[BlackElo "1380"]
[Annotator ""]
[Source ""]
[Remark ""]

1.e4 e6 2.d4 d5 3.e5 c5 4.c3 Nc6 5.Nf3 Qb6 6.Bd3 Bd7 7.dxc5 Bxc5
8.O-O Qc7 9.b4 Bb6 10.Bf4 a6 11.Qe2 Nge7 12.Nbd2 Ng6 13.Bg3 Nce7
14.Rfc1 Nc6 15.a4 O-O 16.h4 Qb8 17.h5 Nge7 18.Nf1 Nf5 19.Bh2
Nh6 20.Qc2 Ng4 21.Bxh7+ Kh8 22.Bg3 Ngxe5 23.Ng5 f5 24.Bg6 Qd8
25.Bh4 Qc7 26.Re1 Nxb4 27.Qe2 Nbd3 28.Bg3 f4 29.Bh4 Nxe1 1/2-1/2

[Event "13. Golden Prague Open"]
[Site "Praha"]
[Date "2017.07.03"]
[Round "3.23"]
[White "Zubek, Rudolf"]
[Black "Stojkovic, Andreja"]
[Result "0-1"]
[WhiteElo "1349"]
[BlackElo "1933"]
[Annotator ""]
[Source ""]
[Remark ""]

1.e4 c5 2.b3 Nc6 3.Bc4 e6 4.Bb2 a6 5.Nf3 d5 6.Bd3 Nb4 7.Be2 dxe4
8.Ne5 f6 9.Bh5+ g6 10.Bxg6+ hxg6 11.Nxg6 Rh6 12.Nxf8 Kxf8 13.O-O
Qd6 14.g3 b6 15.Nc3 f5 16.a3 Nc6 17.f4 Nd4 18.Nxe4 fxe4 19.Bxd4
Qxd4+ 20.Rf2 Rxh2 21.Qf1 Rxf2 22.Qxf2 Qxa1+ 23.Kg2 Bb7 24.Kh2
e3 25.Qxe3 Qh1# 0-1

[Event "13. Golden Prague Open"]
[Site "Praha"]
[Date "2017.07.03"]
[Round "3.24"]
[White "Vit, Zdenek"]
[Black "Scipione, Andrea"]
[Result "0-1"]
[WhiteElo "1889"]
[BlackElo "1312"]
[Annotator ""]
[Source ""]
[Remark ""]

1.e4 c5 2.Nf3 d6 3.d4 cxd4 4.Nxd4 a6 5.c4 Nf6 6.Nc3 e5 7.Nc2
Be6 8.Be2 Nbd7 9.Bg5 Be7 10.O-O Rc8 11.Ne3 O-O 12.Kh1 Qb6 13.b3
Nc5 14.Ned5 Qd8 15.Nxf6+ Bxf6 16.Be3 Be7 17.Rc1 f5 18.exf5 Bxf5
19.Bg4 Bxg4 20.Qxg4 Kh8 21.Rcd1 Nd7 22.Nd5 Nf6 23.Qe2 Nxd5 24.Rxd5
Qd7 25.Rfd1 Rf5 26.c5 e4 27.Rxf5 Qxf5 28.cxd6 Bd8 29.h3 Rc6 30.Qg4
Qf6 31.Qxe4 Qf8 32.d7 Be7 33.h4 h6 34.Qg6 Rxg6 0-1

[Event "13. Golden Prague Open"]
[Site "Praha"]
[Date "2017.07.03"]
[Round "3.25"]
[White "Nemecek, Pavel ml."]
[Black "Vavrova, Jirina"]
[Result "1-0"]
[WhiteElo "1363"]
[BlackElo "1022"]
[Annotator ""]
[Source ""]
[Remark ""]

1.e4 d5 2.exd5 Qxd5 3.Nc3 Qd7 4.Nf3 e6 5.d4 Bb4 6.Bd2 Nf6 7.a3
Be7 8.Bf4 Nh5 9.Ne5 Qd8 10.Qxh5 g6 11.Qd1 Bd6 12.Qd2 f6 13.Nf3
g5 14.Bxd6 Qxd6 15.O-O-O Nc6 16.d5 Ne5 17.Nxe5 Qxe5 18.Bb5+ Bd7
19.Bxd7+ Kxd7 20.dxe6+ Kxe6 21.Qd7# 1-0

[Event "13. Golden Prague Open"]
[Site "Praha"]
[Date "2017.07.04"]
[Round "4.1"]
[White "Anaskin, Arsenij"]
[Black "Novy, Filip"]
[Result "1/2-1/2"]
[WhiteElo "2216"]
[BlackElo "2148"]
[Annotator ""]
[Source ""]
[Remark ""]

1.e4 c6 2.d4 d5 3.Nc3 dxe4 4.Nxe4 Bf5 5.Ng3 Bg6 6.Nf3 Nd7 7.h4
h6 8.h5 Bh7 9.Bd3 Bxd3 10.Qxd3 Ngf6 11.Bd2 e6 12.O-O-O Be7 13.Qe2
O-O 14.Nf1 c5 15.g4 cxd4 16.g5 Nd5 17.Nxd4 Bxg5 18.Nxe6 Qe7 19.Bxg5
Qxe6 20.Qxe6 fxe6 21.Bh4 Rf5 22.Re1 Rxh5 23.Ng3 Re5 24.Ne4 Rf8
25.Bg3 Nf4 26.b3 b6 27.Kb2 Nc5 28.Nf6+ gxf6 29.Bxf4 Rxe1 30.Rxe1
Kf7 31.Bxh6 Rh8 32.Be3 Nd7 33.a4 e5 34.f4 e4 35.Bd4 Re8 36.f5
Ne5 37.Be3 Nf3 38.Rh1 Kg7 39.Rd1 Kf7 40.Rh1 Kg7 41.Rd1 Kf7 42.c4
Nh4 1/2-1/2

[Event "13. Golden Prague Open"]
[Site "Praha"]
[Date "2017.07.04"]
[Round "4.2"]
[White "Krivanek, Vladimir"]
[Black "Haba, Zdenek"]
[Result "0-1"]
[WhiteElo "2095"]
[BlackElo "2177"]
[Annotator ""]
[Source ""]
[Remark ""]

1.d4 c5 2.d5 Nf6 3.Nc3 g6 4.g3 Bg7 5.Bg2 d6 6.Nh3 O-O 7.O-O Na6
8.e4 Nc7 9.a4 Rb8 10.f4 Ng4 11.f5 Bd4+ 12.Kh1 Ne3 13.Bxe3 Bxe3
14.Qg4 Ne8 15.Qh4 Nf6 16.g4 h6 17.Nd1 Bg5 18.Nxg5 hxg5 19.Qxg5
Kg7 20.fxg6 fxg6 21.Ne3 Nh7 22.Qh4 e5 23.Qxd8 Rxd8 24.h3 b6 25.Rf2
Ba6 26.Kh2 Rf8 27.Rxf8 Rxf8 28.Kg3 Rf4 29.a5 b5 30.Rf1 Rxf1 31.Bxf1
Ng5 32.Bg2 Bc8 33.h4 Nf7 34.g5 a6 35.c3 c4 36.Bh3 Bxh3 37.Kxh3
Nd8 38.Kg4 Nb7 39.h5 Nc5 40.Nf5+ gxf5+ 41.Kxf5 Kf7 42.h6 Kg8
43.g6 Kf8 44.Kf6 Nxe4+ 45.Ke6 Kg8 46.Ke7 Ng3 47.Kf6 Nh5+ 48.Kf5
Nf4 49.g7 Kf7 50.Ke4 Ng6 51.Kf5 Ne7+ 52.Ke4 Kg8 53.Kf3 Nxd5 54.Kg4
Nf6+ 55.Kf5 Ne8 0-1

[Event "13. Golden Prague Open"]
[Site "Praha"]
[Date "2017.07.04"]
[Round "4.3"]
[White "Kuhnmund, Ivan"]
[Black "Rosenbaum, Vit"]
[Result "0-1"]
[WhiteElo "1644"]
[BlackElo "2124"]
[Annotator ""]
[Source ""]
[Remark ""]

1.e4 e6 2.Nc3 d5 3.Qe2 Ne7 4.Nf3 d4 5.Nd1 c5 6.g3 Nec6 7.Bg2
Be7 8.O-O e5 9.d3 Be6 10.h3 Nd7 11.Nxe5 Ndxe5 12.f4 Qc7 13.fxe5
Nxe5 14.Nf2 h5 15.c3 O-O-O 16.cxd4 cxd4 17.Bf4 Kb8 18.Rfc1 Qd6
19.g4 Bh4 20.g5 f6 21.g6 Bg5 22.Bh2 Bxc1 23.Rxc1 Rc8 0-1

[Event "13. Golden Prague Open"]
[Site "Praha"]
[Date "2017.07.04"]
[Round "4.4"]
[White "Plasek, Zdenek"]
[Black "Drahoradova, Zuzana"]
[Result "1-0"]
[WhiteElo "2002"]
[BlackElo "1658"]
[Annotator ""]
[Source ""]
[Remark ""]

1.Nf3 Nf6 2.e3 d5 3.b3 Bf5 4.Bb2 e6 5.c4 c5 6.cxd5 exd5 7.Bb5+
Nbd7 8.O-O Be7 9.d4 O-O 10.Nc3 Bg4 11.Be2 Rc8 12.dxc5 Nxc5 13.Nd4
Bxe2 14.Ncxe2 Qd7 15.Ng3 Nfe4 16.Ndf5 Bf6 17.Bxf6 Nxf6 18.Qd4
b6 19.Rfd1 Rfd8 20.Rac1 Ne6 21.Qe5 Rc5 22.Rxc5 bxc5 23.Ne2 Qc7
24.Qc3 a5 25.h3 Qb7 26.Qxa5 Ra8 27.Qd2 Kf8 28.Nc3 Nc7 29.Qc2
Qb6 30.Na4 Qc6 31.Nd4 Qd6 32.Nxc5 Rxa2 33.Qxa2 Qxc5 34.Qc2 Qb6
35.Rc1 Na6 36.Qc6 Qa5 37.Qd6+ 1-0

[Event "13. Golden Prague Open"]
[Site "Praha"]
[Date "2017.07.04"]
[Round "4.5"]
[White "Pokorny, Jan"]
[Black "Hurtak, Otto"]
[Result "1/2-1/2"]
[WhiteElo "1835"]
[BlackElo "2050"]
[Annotator ""]
[Source ""]
[Remark ""]

1.c4 c5 2.g3 Nc6 3.Nf3 g6 4.Bg2 Bg7 5.Nc3 d6 6.O-O e5 7.d3 Nge7
8.Bg5 f6 9.Bd2 Be6 10.Ne1 O-O 11.Nc2 d5 12.cxd5 Nxd5 13.Nxd5
Bxd5 14.Bxd5+ Qxd5 15.Ne3 Qe6 16.Qc1 b6 17.Qc4 Rfe8 18.Qxe6+
Rxe6 19.Nc2 Nd4 20.Nxd4 exd4 21.Rfe1 Rae8 22.Kf1 Kf7 23.Rac1
f5 24.b4 Bf8 25.b5 R6e7 26.a4 a6 27.Rb1 a5 28.Rbc1 Re6 29.h4
Bd6 30.f4 h6 31.Kf2 Bc7 32.Rc2 Bd8 33.Bc1 Kg7 34.Rg1 Rf8 35.Kf3
Rf7 36.Rg2 Kf8 37.Bd2 Ke7 38.Bc1 Kd6 39.Bd2 Kd5 40.Rc4 Rg7 41.Rc1
Re8 42.g4 Reg8 43.g5 hxg5 44.hxg5 Rh7 45.e4+ dxe3 46.Bxe3 Re8
47.Bf2 Bc7 48.Rc4 Rh1 49.Rg1 Rxg1 50.Bxg1 Re1 51.Bf2 Rb1 52.Be3
Rb4 53.Rc1 Rxa4 54.Rh1 Rb4 55.Rh6 a4 56.Bc1 Rb1 57.Bd2 Rb3 58.Rh7
Kd6 59.Bc1 a3 60.Bxa3 Rxa3 61.Rg7 Rxd3+ 62.Ke2 Rg3 63.Rxg6+ Kd7
64.Rg7+ Kc8 65.Rg8+ Kb7 66.Rg7 Rg4 67.Ke3 c4 68.Rf7 c3 69.Kd3
Rg3+ 70.Kc2 Rg4 71.Kxc3 Rxf4 72.g6 Rg4 73.g7 f4 74.Kd3 f3 75.Ke3
Rg3 76.Kf2 Rg5 77.Kxf3 Rg3+ 78.Ke4 Rg1 79.Kf5 1/2-1/2

[Event "13. Golden Prague Open"]
[Site "Praha"]
[Date "2017.07.04"]
[Round "4.6"]
[White "Lajsek, Tomas"]
[Black "Janacek, Jaroslav"]
[Result "0-1"]
[WhiteElo "1760"]
[BlackElo "2012"]
[Annotator ""]
[Source ""]
[Remark ""]

1.e4 d6 2.d4 Nf6 3.Nc3 e5 4.Nf3 Nbd7 5.Bc4 Be7 6.O-O c6 7.dxe5
dxe5 8.Bg5 h6 9.Be3 Qc7 10.h3 Nf8 11.Qe2 g5 12.g4 Ng6 13.Rfd1
Kf8 14.Qd2 b5 15.Bd3 a6 16.a3 Bb7 17.b4 Rd8 18.Qc1 c5 19.bxc5
Bxc5 20.Qb2 Nf4 21.Bxf4 gxf4 22.Nd5 Bxd5 23.exd5 Rxd5 24.Bf5
Qd6 25.Rxd5 Qxd5 26.Qxe5 Qxf3 27.Qxc5+ Kg7 28.Kh2 Re8 29.Bd3
Re6 30.Qd4 Kf8 31.Qd8+ Ne8 32.Qd4 Nf6 33.Qc5+ Ke8 34.Qc6+ 0-1

[Event "13. Golden Prague Open"]
[Site "Praha"]
[Date "2017.07.04"]
[Round "4.7"]
[White "Koper, Stefan"]
[Black "Forman, Miroslav"]
[Result "1-0"]
[WhiteElo "1931"]
[BlackElo "1805"]
[Annotator ""]
[Source ""]
[Remark ""]

1.d4 d5 2.c4 dxc4 3.e3 c5 4.Bxc4 e6 5.d5 e5 6.e4 Nf6 7.Nc3 Be7
8.Bb5+ Kf8 9.Nf3 Bg4 10.h3 Bxf3 11.Qxf3 a6 12.Bd3 b5 13.a4 b4
14.Nb1 c4 15.Bxc4 Nbd7 16.O-O Nc5 17.Nd2 Ne8 18.b3 Bg5 19.Rb1
Nd6 20.Bd3 Qf6 21.Qe2 Ke7 22.Nc4 Nxc4 23.Bxc4 Kd6 24.Qg4 Bxc1
25.Rbxc1 h5 26.Qg3 Nxe4 27.Qe3 Nc5 28.Bxa6 Rac8 29.Bxc8 Rxc8
30.Rc4 Qh6 31.Qxh6+ gxh6 32.Rxb4 Nd3 33.Rb5 f5 34.Rd1 e4 35.a5
Rc2 36.b4 Ra2 37.f3 Nf4 38.fxe4 fxe4 39.Rb6+ Kd7 40.d6 Rxg2+
41.Kh1 e3 42.Rb7+ Kd8 43.d7 Rd2 44.Rg1 1-0

[Event "13. Golden Prague Open"]
[Site "Praha"]
[Date "2017.07.04"]
[Round "4.8"]
[White "Mach, Petr"]
[Black "Frost, Peter"]
[Result "1/2-1/2"]
[WhiteElo "1609"]
[BlackElo "1934"]
[Annotator ""]
[Source ""]
[Remark ""]

1.d4 d5 2.Nf3 Nf6 3.Bf4 e6 4.e3 c5 5.c3 Nc6 6.Bd3 Bd6 7.Bg5 h6
8.Bh4 O-O 9.O-O e5 10.dxe5 Nxe5 11.Nxe5 Bxe5 12.Nd2 Qb6 13.Qc2
Bd7 14.Nf3 Bc7 15.Rfd1 Rad8 16.c4 g5 17.Bg3 Bxg3 18.hxg3 Rfe8
19.cxd5 Bg4 20.e4 c4 21.Qxc4 Rc8 22.Qa4 Bd7 23.Qd4 Qxd4 24.Nxd4
Nxe4 25.Rac1 Nd6 26.Rxc8 Rxc8 27.b4 a5 28.bxa5 Rc3 29.a6 bxa6
30.Bxa6 1/2-1/2

[Event "13. Golden Prague Open"]
[Site "Praha"]
[Date "2017.07.04"]
[Round "4.9"]
[White "Bartosova, Hana"]
[Black "Fiser, Jiri"]
[Result "1/2-1/2"]
[WhiteElo "1541"]
[BlackElo "1897"]
[Annotator ""]
[Source ""]
[Remark ""]

1.e4 c5 2.Nf3 Nc6 3.d4 cxd4 4.Nxd4 e5 5.Nb3 Nf6 6.Nc3 Bb4 7.Bc4
Nxe4 8.Qd5 Nd6 9.O-O Nxc4 10.Qxc4 O-O 11.Nd5 Be7 12.f4 d6 13.f5
Bf6 14.Qg4 Kh8 15.Nxf6 1/2-1/2

[Event "13. Golden Prague Open"]
[Site "Praha"]
[Date "2017.07.04"]
[Round "4.10"]
[White "Martirosyan, Ara"]
[Black "Krobot, Jan"]
[Result "1-0"]
[WhiteElo "1807"]
[BlackElo "1705"]
[Annotator ""]
[Source ""]
[Remark ""]

1.e4 c5 2.Nf3 d6 3.Nc3 Nf6 4.d4 cxd4 5.Qxd4 a6 6.Bg5 Nc6 7.Qd2
Nd7 8.O-O-O h6 9.Bh4 g5 10.Bg3 Bg7 11.Bc4 Nde5 12.Nxe5 Nxe5 13.Bb3
b5 14.f4 gxf4 15.Bxf4 Bg4 16.Rdf1 Nc4 17.Bxc4 bxc4 18.Qd5 Be6
19.Qc6+ Kf8 20.e5 dxe5 21.Bxe5 Qc8 22.Bxg7+ Kxg7 23.Qe4 Kf8 24.Re1
Rg8 25.Rhf1 Ke8 26.Rd1 Rb8 27.Qh7 f6 28.Qe4 Rg4 29.Qf3 Qc5 30.h3
Qg5+ 31.Kb1 Rxg2 32.Rfe1 Bf5 33.Ne4 Bxe4 34.Qxe4 Qg7 35.Qc6+
Kf8 36.Qc7 Re8 37.Qxc4 Qg3 38.Qe6 Qh2 39.Rd8 Qc7 40.Rxe8+ Kxe8
41.Qe4 Rg3 42.Qa8+ Qd8 43.Qxa6 Rxh3 44.Qa4+ Qd7 45.Qa8+ Kf7 46.Qh8
Qg4 47.Qh7+ Qg7 48.Rxe7+ Kxe7 49.Qxg7+ Ke8 50.b4 1-0

[Event "13. Golden Prague Open"]
[Site "Praha"]
[Date "2017.07.04"]
[Round "4.11"]
[White "Rosenbaumova, Lea"]
[Black "Volf, Michal"]
[Result "1/2-1/2"]
[WhiteElo "1559"]
[BlackElo "1826"]
[Annotator ""]
[Source ""]
[Remark ""]

1.e4 e6 2.d4 d5 3.exd5 exd5 4.Nc3 Bb4 5.Bd3 Nc6 6.Nge2 Nge7 7.Bf4
Bg4 8.f3 Bf5 9.Qd2 Qd7 10.O-O-O a6 11.Rhe1 O-O-O 12.a3 Ba5 13.g4
Bg6 14.Kb1 h5 15.h3 hxg4 16.hxg4 Rh3 17.Rf1 Re8 18.Be3 Kb8 19.Nc1
Bxd3 20.Qxd3 Qd6 21.Nb3 Ng6 22.Bd2 Reh8 23.Nxa5 Nxa5 24.Qf5 Nh4
25.Qxf7 Rf8 26.Qxd5 Qxd5 27.Nxd5 Nc4 28.f4 Rd8 29.Nb4 Rxd4 30.Bc3
Rxd1+ 31.Rxd1 Ne3 32.Rd8+ Ka7 33.Bxg7 Nxg4 34.Bd4+ b6 35.Rd7
Kb7 36.Nd5 Kc6 37.Rd8 Nf5 38.Nb4+ Kb7 39.Be5 Re3 40.Nd3 c5 41.b3
Kc6 42.Rc8+ Kb7 43.Rc7+ Ka8 44.Kc1 Re4 45.Kd2 Nxe5 46.fxe5 Nd4
47.Ne1 1/2-1/2

[Event "13. Golden Prague Open"]
[Site "Praha"]
[Date "2017.07.04"]
[Round "4.12"]
[White "Martirosyan, Artyom"]
[Black "Pokorny, Jiri"]
[Result "0-1"]
[WhiteElo "1082"]
[BlackElo "1905"]
[Annotator ""]
[Source ""]
[Remark ""]

1.e4 c5 2.Nf3 d6 3.Nc3 Nf6 4.d4 cxd4 5.Nxd4 a6 6.Bc4 e6 7.Bg5
Be7 8.Qd2 O-O 9.O-O Nc6 10.Nxc6 bxc6 11.Rad1 d5 12.exd5 cxd5
13.Be2 Rb8 14.b3 Bb7 15.Bf3 Re8 16.Rfe1 Qa5 17.Na4 Qc7 18.Bf4
Bd6 19.Bxd6 Qxd6 20.c4 Qc7 21.c5 e5 22.b4 e4 23.Be2 Re5 24.f4
e3 25.Qd3 Re4 26.Nc3 Rxf4 27.Qxe3 Rxb4 28.Bf3 h6 29.Nxd5 Bxd5
30.Bxd5 Ng4 31.Qg3 Qxc5+ 32.Kf1 g5 33.h3 Rf4+ 34.Bf3 Ne3+ 35.Rxe3
Qxe3 36.Re1 Qd3+ 37.Kg1 Rb1 38.Kh2 Rxe1 39.Qxe1 Qd6 40.Kh1 Rd4
41.Qe8+ Kg7 42.Bh5 Rf4 43.Qe3 Rf1+ 0-1

[Event "13. Golden Prague Open"]
[Site "Praha"]
[Date "2017.07.04"]
[Round "4.13"]
[White "Nemecek, Pavel"]
[Black "Sura, Jaroslav"]
[Result "0-1"]
[WhiteElo "1798"]
[BlackElo "2055"]
[Annotator ""]
[Source ""]
[Remark ""]

1.e4 e5 2.Nf3 Nc6 3.d4 exd4 4.Bc4 Nf6 5.e5 d5 6.Bb5 Ne4 7.Nxd4
Bd7 8.Bxc6 bxc6 9.O-O Bc5 10.Be3 Bb6 11.c3 O-O 12.Nd2 Nxd2 13.Qxd2
f6 14.f4 Re8 15.Rf3 fxe5 16.fxe5 Rxe5 17.Rg3 Qe8 18.Rf1 Re7 19.Bh6
Qh5 20.Qf4 Rae8 21.Qf6 Bg4 22.Bxg7 Rxg7 23.h3 Qe5 24.Rxg4 Qxf6
25.Rxf6 Rxg4 26.hxg4 Re2 27.Kh2 Bxd4 28.cxd4 Rxb2 29.Rxc6 Rxa2
30.Rxc7 Ra4 31.Kh3 a5 32.Ra7 Rxd4 33.Rxa5 Kf7 34.Kh4 Rd2 35.Kg5
d4 36.Rd5 Ke6 37.Rd8 Ke5 38.Rd7 Rxg2 39.Rxh7 Ke4 40.Rd7 Rc2 41.Kf6
Rc6+ 42.Kf7 Rc5 43.Kf6 d3 44.g5 Rf5+ 0-1

[Event "13. Golden Prague Open"]
[Site "Praha"]
[Date "2017.07.04"]
[Round "4.14"]
[White "Vitek, Jan"]
[Black "Konvalinka, Vladislav"]
[Result "1/2-1/2"]
[WhiteElo "1704"]
[BlackElo "1761"]
[Annotator ""]
[Source ""]
[Remark ""]

1.d4 d5 2.e3 Nf6 3.Bd3 Nc6 4.f4 e6 5.c3 Na5 6.Nd2 b6 7.Ngf3 Nb7
8.Ne5 Bd7 9.O-O c5 10.Qf3 cxd4 11.exd4 Nd6 12.Qe2 g6 13.Ndf3
Bg7 14.g4 O-O 15.Nxd7 Qxd7 16.Ne5 Qc8 17.Be3 Nfe4 18.Rac1 Qb7
19.c4 f6 20.Nf3 dxc4 1/2-1/2

[Event "13. Golden Prague Open"]
[Site "Praha"]
[Date "2017.07.04"]
[Round "4.15"]
[White "Novotny, Josef"]
[Black "Cabart, Pavel"]
[Result "1/2-1/2"]
[WhiteElo "1738"]
[BlackElo "1712"]
[Annotator ""]
[Source ""]
[Remark ""]

1.Nf3 c5 2.g3 d5 3.Bg2 g6 4.O-O Bg7 5.c3 Nf6 6.d4 b6 7.Nbd2 O-O
8.e4 Nxe4 9.Nxe4 dxe4 10.Ng5 Bb7 11.Nxe4 Nd7 12.Nf6+ Nxf6 13.Bxb7
Rb8 14.Bc6 Qc7 15.Qa4 Rbc8 16.Bg2 cxd4 17.Qxd4 Nd7 18.Qa4 Nc5
19.Qc2 Rcd8 20.Be3 Rd7 21.Rad1 Rfd8 22.Rxd7 Rxd7 23.Rd1 Rxd1+
24.Qxd1 Qd7 25.Qf3 h5 26.Bxc5 bxc5 27.Qa8+ Kh7 28.Qd5 1/2-1/2

[Event "13. Golden Prague Open"]
[Site "Praha"]
[Date "2017.07.04"]
[Round "4.16"]
[White "Steiner, Juraj"]
[Black "Zednik, Petr"]
[Result "1-0"]
[WhiteElo "2048"]
[BlackElo "1533"]
[Annotator ""]
[Source ""]
[Remark ""]

1.c4 Nf6 2.Nc3 e6 3.Nf3 d5 4.d4 c5 5.e3 Nc6 6.a3 cxd4 7.exd4
dxc4 8.Bxc4 Be7 9.O-O O-O 10.b4 a6 11.b5 axb5 12.Nxb5 b6 13.Bf4
Ba6 14.Rc1 Bxb5 15.Bxb5 Na5 16.Qd3 1-0

[Event "13. Golden Prague Open"]
[Site "Praha"]
[Date "2017.07.04"]
[Round "4.17"]
[White "Stojkovic, Andreja"]
[Black "Nemecek, Pavel ml."]
[Result "1-0"]
[WhiteElo "1933"]
[BlackElo "1363"]
[Annotator ""]
[Source ""]
[Remark ""]

1.e4 d5 2.exd5 Qxd5 3.Nc3 Qa5 4.d4 Nf6 5.Bc4 Bg4 6.Nge2 c6 7.f3
Bf5 8.Bd2 Qc7 9.Bf4 Qb6 10.b3 e6 11.h4 h5 12.Qd2 Ba3 13.O-O Nbd7
14.Rfe1 O-O 15.Ng3 Bg6 16.Na4 Qd8 17.Bd3 Bxd3 18.Qxd3 b5 19.Nc3
Nb6 20.Bg5 Be7 21.Rad1 Nfd5 22.Nce4 g6 23.c4 Bxg5 24.Nxg5 Nf6
25.N3e4 Re8 26.cxb5 Nxe4 27.Rxe4 Qd5 28.Re5 Qd6 29.Ne4 Qe7 30.bxc6
Rac8 31.Rc5 Red8 32.Ng5 Qd6 33.Ne4 Qf4 34.g3 Qc7 35.Kg2 Nd5 36.Qd2
Kg7 37.Ng5 Qb6 38.Rdc1 Ne7 39.Ne4 Rxc6 40.Qg5 Rxc5 41.dxc5 Qc7
42.Qf6+ Kg8 43.Nd6 Nf5 44.Nxf5 exf5 45.Re1 Qc8 46.Qc3 Qc6 47.b4
a6 48.Re2 Qb5 49.Rd2 Re8 50.Kf2 Kh7 51.c6 Qb6+ 52.Kg2 Re1 53.Qc5
Qxc5 54.bxc5 Rc1 55.Rd5 Rc2+ 56.Kf1 1-0

[Event "13. Golden Prague Open"]
[Site "Praha"]
[Date "2017.07.04"]
[Round "4.18"]
[White "Plate, Marion Helga"]
[Black "Kronowetter, Borivoj"]
[Result "1/2-1/2"]
[WhiteElo "1564"]
[BlackElo "1671"]
[Annotator ""]
[Source ""]
[Remark ""]

1.d4 Nf6 2.Bf4 g6 3.e3 Bg7 4.Nf3 c5 5.c3 b6 6.Be2 Bb7 7.Na3 a6
8.O-O O-O 9.dxc5 bxc5 10.Nc4 d5 11.Qb3 Ra7 12.Rad1 Nh5 13.Bg5
dxc4 14.Rxd8 cxb3 15.Bxe7 Rxd8 16.Bxd8 Nd7 17.axb3 Ra8 18.Ba5
Nhf6 19.Rd1 Re8 20.Nd2 Bd5 21.Nc4 Ne5 22.Nxe5 Rxe5 23.b4 c4 24.Rd4
Re4 25.Bc7 Rxd4 26.exd4 Kf8 27.f3 Ke7 28.Kf1 Kd7 29.Bb8 Bf8 30.h3
Bd6 31.Bxd6 Kxd6 32.Kf2 Nd7 33.Ke3 Nb6 34.Kd2 Ke6 35.Bd1 h5 36.Ke3
Bc6 37.b3 Bd5 38.bxc4 Bxc4 39.g3 Nd5+ 40.Kd2 Kf6 41.h4 Kf5 42.Bc2+
Ke6 43.Bd3 Nb6 44.Be4 f5 45.Bd3 Bb5 46.Bc2 Nc4+ 47.Ke1 Ne3 48.Bb1
Kd5 49.Ba2+ Bc4 50.Bb1 Kc6 51.g4 hxg4 52.fxg4 Nxg4 53.h5 gxh5
54.Bxf5 Kd5 55.Bg6 Nf6 56.Bf7+ Kc6 57.Bxc4 Ne4 58.Bxa6 Nxc3 59.Kd2
Nd5 60.b5+ Kb6 61.Ke2 Nc3+ 62.Ke3 Nxb5 63.Bxb5 Kxb5 64.d5 Kc5 1/2-1/2